"N" States - US Map Sudden Death - Statistics

General Stats
  • This quiz has been taken 74 times
  • The average score is 16 of 20
Answers on the Grid
Answers color-coded by a green-red scale on the quiz's grid according to % correct below.
 
Answer Stats
Answer % Correct
92%
88%
87%
85%
85%
85%
85%
83%
83%
83%
81%
81%
81%
79%
79%
77%
77%
75%
71%
48%
No matching quizzes found
Score Distribution
Percent of People with Each Score
Percentile by Number Answered
Your Score History
You have not taken this quiz